Functional occlusion : (Record no. 172644)

MARC details
000 -LEADER
fixed length control field 00837aam a2200241 a 4500
001 - CONTROL NUMBER
control field 013532555
003 - CONTROL NUMBER IDENTIFIER
control field OSt
005 - DATE AND TIME OF LATEST TRANSACTION
control field 20260211113950.0
008 - FIXED-LENGTH DATA ELEMENTS--GENERAL INFORMATION
fixed length control field 060804s2007 stka b 000 0 eng
020 ## - INTERNATIONAL STANDARD BOOK NUMBER
International Standard Book Number 9780323033718 (Hardcover)
Terms of availability USD 211.00
040 ## - CATALOGING SOURCE
Original cataloging agency StDuBDS
Language of cataloging eng
Transcribing agency StDuBDS
Modifying agency NUST
Description conventions rda
050 ## - LIBRARY OF CONGRESS CALL NUMBER
Classification number RK523 DAW
100 1# - MAIN ENTRY--PERSONAL NAME
Personal name Dawson, Peter E.
Relator term Author
245 10 - TITLE STATEMENT
Title Functional occlusion :
Remainder of title from TMJ to smile design /
Statement of responsibility, etc. Peter E. Dawson.
260 ## - PUBLICATION, DISTRIBUTION, ETC.
Place of publication, distribution, etc. St. Louis, Missouri :
Name of publisher, distributor, etc. Mosby Elsevier,
Date of publication, distribution, etc. ©2007.
300 ## - PHYSICAL DESCRIPTION
Extent xiii, 630 pages :
Other physical details Illustrations ;
Dimensions 29 cm.
336 ## - CONTENT TYPE
Content type term text
Source rdacontent
Content type code txt
337 ## - MEDIA TYPE
Media type term unmediated
Source rdamedia
Media type code n
338 ## - CARRIER TYPE
Carrier type term volume
Source rdacarrier
Carrier type code nc
504 ## - BIBLIOGRAPHY, ETC. NOTE
Bibliography, etc. note Includes bibliographical references and index.
650 #0 - SUBJECT ADDED ENTRY--TOPICAL TERM
Topical term or geographic name entry element Occlusion (Dentistry)
942 ## - ADDED ENTRY ELEMENTS (KOHA)
Source of classification or shelving scheme Library of Congress Classification
Koha item type Ordinary Loan Books
Classification part RK523 DAW
Call number prefix RK
Call number suffix DAW
Suppress in OPAC No
Holdings
Withdrawn status Lost status Source of classification or shelving scheme Damaged status Not for loan Collection Home library Current library Shelving location Date acquired Source of acquisition Cost, normal purchase price Total Checkouts Full call number Barcode Date last seen Accession number Cost, replacement price Price effective from Koha item type Public note
    LCC     NFIC Medical Medical GEN 02/11/2026 Book Aid International 211.00   RK523 DAW 92004057482 02/11/2026 63372 211.00 02/11/2026 BOOKS Donation